000 00683nam a2200241 a 4500
008
020 _a0521570662 (hbk.)
049 _aMAIN
090 _aQA913
100 1 _aMathieu, Jean
245 1 3 _aAn introduction to turbulent flow /
_cJean Mathieu.
260 _aCambridge :
_bCambridge University Press,
_c2000.
300 _ax, 374 p. :
_bill. ;
_c26 cm.
504 _aIncludes bibliographical references.
500 _aIncludes index.
650 0 _aTurbulence.
700 1 _aScott, Julian
907 _a.b10177917
_b04-02-06
_c29-09-05
003
005 20230123134119.0
040 _cNUST
942 _cBOOKS
_kQA913
999 _c160266
_d160266